| 000 | 01414nam a2200349Ia 4500 | ||
|---|---|---|---|
| 001 | ebr10021553 | ||
| 003 | CaPaEBR | ||
| 006 | m u | ||
| 007 | cr cn||||||||| | ||
| 008 | 000920s2001 mdu sb 001 0 eng d | ||
| 010 | _z 00011510 | ||
| 020 | _z0801876516 | ||
| 020 | _z0801866669 (hc : alk. paper) | ||
| 040 |
_aCaPaEBR _cCaPaEBR |
||
| 035 | _a(OCoLC)559254922 | ||
| 050 | 1 | 4 |
_aPA6411 _b.M335 2001eb |
| 082 | 0 | 4 |
_a874/.01 _221 |
| 100 | 1 |
_aMcNeill, Randall L. B., _d1970- |
|
| 245 | 1 | 0 |
_aHorace _h[electronic resource] : _bimage, identity, and audience / _cRandall L.B. McNeill. |
| 260 |
_aBaltimore : _bJohns Hopkins University Press, _c2001. |
||
| 300 | _a188 p. | ||
| 504 | _aIncludes bibliographical references (p. 173-180) and indexes. | ||
| 533 |
_aElectronic reproduction. _bPalo Alto, Calif. : _cebrary, _d2013. _nAvailable via World Wide Web. _nAccess may be limited to ebrary affiliated libraries. |
||
| 600 | 0 | 0 |
_aHorace _xCriticism and interpretation. |
| 650 | 0 |
_aLaudatory poetry, Latin _xHistory and criticism. |
|
| 650 | 0 |
_aEpistolary poetry, Latin _xHistory and criticism. |
|
| 650 | 0 |
_aVerse satire, Latin _xHistory and criticism. |
|
| 651 | 0 |
_aRome _xIn literature. |
|
| 655 | 7 |
_aElectronic books. _2local |
|
| 710 | 2 | _aebrary, Inc. | |
| 856 | 4 | 0 |
_uhttp://site.ebrary.com/lib/rucke/Doc?id=10021553 _zAn electronic book accessible through the World Wide Web; click to view |
| 999 |
_c25097 _d25097 |
||